[Event "69. UEM M1"]
[Site "Schweinfurt / Germany"]
[Date "2018.04.03"]
[Round "3.5"]
[White "Helm, Timo"]
[Black "Seidens, Udo"]
[Result "0-1"]
[WhiteElo "2071"]
[BlackElo "2173"]
[Annotator "Lukas, Norbert"]
[PlyCount "74"]
[EventDate "2018.04.02"]
[EventType "tourn"]
[EventRounds "9"]
[EventCountry "GER"]
[SourceTitle "69. UEM"]
[Source "SK SW 2000 e.V."]
[SourceDate "2018.04.08"]
[SourceVersion "1"]
[SourceVersionDate "2018.04.08"]
[SourceQuality "1"]

1. e4 g6 2. f4 Bg7 3. Nf3 c6 4. d4 d5 5. e5 h5 6. Bd3 Nh6 7. c3 Bg4 8. Na3 e6
9. Nc2 Nf5 10. Ne3 Bxf3 11. Qxf3 Nd7 12. Nxf5 gxf5 13. Bd2 Bf8 14. b4 a5 15. a4
axb4 16. cxb4 Qb6 17. Ke2 Qxd4 18. Rhb1 Nxe5 19. fxe5 Qxe5+ 20. Kf2 Qxh2 21.
Rh1 Qe5 22. Rhe1 Qd4+ 23. Kf1 O-O-O 24. a5 Bd6 25. a6 Kb8 26. axb7 Rhg8 27. Qe2
f4 28. Ra3 Kxb7 29. Rea1 Ra8 30. Qxh5 Qg7 31. Qe2 Rxa3 32. Rxa3 Rh8 33. Ba6+
Kc7 34. Kg1 Qd4+ 35. Be3 fxe3 36. Bb5 Rh1+ 37. Kxh1 Qh4+ 0-1

[Event "69. UEM M1"]
[Site "Schweinfurt / Germany"]
[Date "2018.04.04"]
[Round "4.1"]
[White "Reinl, Fred"]
[Black "Seidens, Udo"]
[Result "0-1"]
[WhiteElo "1963"]
[BlackElo "2173"]
[Annotator "Lukas, Norbert"]
[PlyCount "70"]
[EventDate "2018.04.02"]
[EventType "tourn"]
[EventRounds "9"]
[EventCountry "GER"]
[SourceTitle "69. UEM"]
[Source "SK SW 2000 e.V."]
[SourceDate "2018.04.08"]
[SourceVersion "1"]
[SourceVersionDate "2018.04.08"]
[SourceQuality "1"]

1. e4 g6 2. Nf3 Bg7 3. d4 d6 4. h3 c6 5. c3 Nd7 6. Bd3 Qc7 7. Qe2 e5 8. O-O
Ngf6 9. dxe5 dxe5 10. Nbd2 O-O 11. Re1 Nh5 12. Bc2 a5 13. a4 Nf4 14. Qf1 b6 15.
g3 Ba6 16. c4 Ne6 17. Rb1 Ndc5 18. b3 Rfd8 19. Bb2 Rd7 20. Rbd1 Rad8 21. Nb1
Nd4 22. Nxd4 exd4 23. Ba3 d3 24. Bxc5 dxc2 25. Rxd7 Qxd7 26. Bxb6 cxb1=Q 27.
Rxb1 Re8 28. Rd1 Qb7 29. Bxa5 Qxb3 30. Rd7 Qxa4 31. Bc7 c5 32. Qd3 Bd4 33. Rd8
Rxd8 34. Bxd8 Qd7 35. Bf6 Bxf2+ 0-1

[Event "69. UEM M1"]
[Site "Schweinfurt / Germany"]
[Date "2018.04.04"]
[Round "4.2"]
[White "Seuffert, Gabriel"]
[Black "Helm, Timo"]
[Result "1-0"]
[WhiteElo "2302"]
[BlackElo "2071"]
[Annotator "Lukas, Norbert"]
[PlyCount "69"]
[EventDate "2018.04.02"]
[EventType "tourn"]
[EventRounds "9"]
[EventCountry "GER"]
[SourceTitle "69. UEM"]
[Source "SK SW 2000 e.V."]
[SourceDate "2018.04.08"]
[SourceVersion "1"]
[SourceVersionDate "2018.04.08"]
[SourceQuality "1"]

1. c4 f5 2. g3 g6 3. Bg2 Bg7 4. Nc3 Nf6 5. d3 O-O 6. e4 d6 7. exf5 Bxf5 8. Nge2
Nbd7 9. Nd4 e6 10. Nxf5 exf5 11. Bxb7 Re8+ 12. Kf1 Rb8 13. Bg2 Qe7 14. Rb1 Ne5
15. Bg5 c6 16. d4 Nxc4 17. Bxc6 Rec8 18. Bd5+ Nxd5 19. Bxe7 Nxc3 20. Qe1 Nxb1
21. Kg2 Kf7 22. Bg5 h6 23. Qe7+ Kg8 24. Bf6 Bxf6 25. Qxf6 Nbd2 26. Qxg6+ Kf8
27. Qxh6+ Kf7 28. b3 Ne4 29. Qh7+ Kf6 30. bxc4 Rb2 31. Rf1 Rxc4 32. g4 Rb5 33.
Qh8+ Kg5 34. f4+ Kg6 35. Qg8+ 1-0

[Event "69. UEM M1"]
[Site "Schweinfurt / Germany"]
[Date "2018.04.04"]
[Round "4.3"]
[White "Mueller, Lutz"]
[Black "Hofstetter, Hans Joachim"]
[Result "0-1"]
[WhiteElo "2005"]
[BlackElo "2181"]
[Annotator "Lukas, Norbert"]
[PlyCount "58"]
[EventDate "2018.04.02"]
[EventType "tourn"]
[EventRounds "9"]
[EventCountry "GER"]
[SourceTitle "69. UEM"]
[Source "SK SW 2000 e.V."]
[SourceDate "2018.04.08"]
[SourceVersion "1"]
[SourceVersionDate "2018.04.08"]
[SourceQuality "1"]

1. d4 Nf6 2. Nf3 g6 3. c4 Bg7 4. Nc3 d5 5. cxd5 Nxd5 6. Bd2 O-O 7. e4 Nxc3 8.
Bxc3 c5 9. d5 Bxc3+ 10. bxc3 Qa5 11. Qd2 Bg4 12. Ne5 Bd7 13. h4 f6 14. Nc4 Qa4
15. Bd3 b5 16. Ne3 c4 17. Be2 Na6 18. O-O Qa3 19. f4 Nc5 20. Qd4 Na4 21. Rfc1
Qc5 22. Qd2 e5 23. g3 exf4 24. gxf4 Rae8 25. Bf3 Bf5 26. Kh2 Bxe4 27. Bg4 f5
28. Bh3 Bd3 29. Re1 Re4 0-1

[Event "69. UEM M1"]
[Site "Schweinfurt / Germany"]
[Date "2018.04.04"]
[Round "4.4"]
[White "Mehling, Katharina"]
[Black "Blank, Stefan"]
[Result "1-0"]
[WhiteElo "1895"]
[BlackElo "1779"]
[Annotator "Lukas, Norbert"]
[PlyCount "49"]
[EventDate "2018.04.02"]
[EventType "tourn"]
[EventRounds "9"]
[EventCountry "GER"]
[SourceTitle "69. UEM"]
[Source "SK SW 2000 e.V."]
[SourceDate "2018.04.08"]
[SourceVersion "1"]
[SourceVersionDate "2018.04.08"]
[SourceQuality "1"]

1. d4 Nf6 2. Nc3 g6 3. e4 d6 4. f3 Bg7 5. Be3 O-O 6. Qd2 c6 7. O-O-O b5 8. Bh6
a5 9. h4 Bxh6 10. Qxh6 Kh8 11. h5 Ng8 12. Qd2 e6 13. Nh3 Qf6 14. g4 gxh5 15.
Ng5 h6 16. Rxh5 Kg7 17. e5 dxe5 18. dxe5 Qe7 19. Nge4 Nd7 20. g5 Kg6 21. Qh2
Rd8 22. Rxh6+ Kg7 23. Rh7+ Kf8 24. g6 Nc5 25. Rxf7+ 1-0

[Event "69. UEM M1"]
[Site "Schweinfurt / Germany"]
[Date "2018.04.04"]
[Round "4.5"]
[White "Link, Klaus"]
[Black "Markert, Markus"]
[Result "1/2-1/2"]
[WhiteElo "2005"]
[BlackElo "1998"]
[Annotator "Lukas, Norbert"]
[PlyCount "63"]
[EventDate "2018.04.02"]
[EventType "tourn"]
[EventRounds "9"]
[EventCountry "GER"]
[SourceTitle "69. UEM"]
[Source "SK SW 2000 e.V."]
[SourceDate "2018.04.08"]
[SourceVersion "1"]
[SourceVersionDate "2018.04.08"]
[SourceQuality "1"]

1. Nf3 c5 2. e4 e6 3. d4 d5 4. Nbd2 Nf6 5. exd5 exd5 6. Bb5+ Nc6 7. O-O Be7 8.
dxc5 O-O 9. Bxc6 bxc6 10. b4 Bg4 11. h3 Bh5 12. Bb2 Qb8 13. a3 Ne4 14. g4 Bg6
15. Ne5 Ng5 16. Kg2 Qb7 17. h4 Ne6 18. f4 Be4+ 19. Nxe4 dxe4 20. f5 Nxc5 21.
Bd4 Nd7 22. Nxd7 Qxd7 23. f6 gxf6 24. Bxf6 Qe6 25. Bxe7 Qxe7 26. Qe2 e3 27. Rf3
Rfe8 28. Re1 Qxh4 29. Qc4 Re6 30. Qf4 Rf8 31. Rexe3 Rg6 32. Rg3 1/2-1/2

[Event "69. UEM M1"]
[Site "Schweinfurt / Germany"]
[Date "2018.04.04"]
[Round "5.4"]
[White "Helm, Timo"]
[Black "Mueller, Lutz"]
[Result "1-0"]
[WhiteElo "2071"]
[BlackElo "2005"]
[Annotator "Lukas, Norbert"]
[PlyCount "75"]
[EventDate "2018.04.02"]
[EventType "tourn"]
[EventRounds "9"]
[EventCountry "GER"]
[SourceTitle "69. UEM"]
[Source "SK SW 2000 e.V."]
[SourceDate "2018.04.08"]
[SourceVersion "1"]
[SourceVersionDate "2018.04.08"]
[SourceQuality "1"]
[WhiteTeam "SC Bad Königshofen 1957"]
[BlackTeam "SC Bad Königshofen 1957"]

1. e4 c5 2. Nc3 Nc6 3. f4 g6 4. Nf3 Bg7 5. Bb5 Nh6 6. Bxc6 bxc6 7. O-O d6 8. d3
O-O 9. Qe1 f5 10. e5 Qc7 11. b3 Nf7 12. exd6 exd6 13. Bb2 Ba6 14. Qd2 Rab8 15.
Na4 Bxb2 16. Nxb2 Qb6 17. Na4 Qb4 18. c3 Qa5 19. Rfe1 Rfe8 20. Re3 Rxe3 21.
Qxe3 Bb5 22. d4 c4 23. Nd2 c5 24. dxc5 cxb3 25. axb3 Re8 26. Qd4 Bxa4 27. Rxa4
Qb5 28. c4 Qxc5 29. Qxc5 dxc5 30. Rxa7 Rd8 31. Nf3 Nd6 32. Ng5 Ne4 33. Nxe4
fxe4 34. Re7 Rd1+ 35. Kf2 Kf8 36. Rxh7 Rd3 37. Rb7 Rc3 38. Rb5 1-0

[Event "69. UEM M1"]
[Site "Schweinfurt / Germany"]
[Date "2018.04.04"]
[Round "5.1"]
[White "Markert, Markus"]
[Black "Reinl, Fred"]
[Result "1-0"]
[WhiteElo "1998"]
[BlackElo "1963"]
[Annotator "Lukas, Norbert"]
[PlyCount "85"]
[EventDate "2018.04.02"]
[EventType "tourn"]
[EventRounds "9"]
[EventCountry "GER"]
[SourceTitle "69. UEM"]
[Source "SK SW 2000 e.V."]
[SourceDate "2018.04.08"]
[SourceVersion "1"]
[SourceVersionDate "2018.04.08"]
[SourceQuality "1"]
[WhiteTeam "SK 1933 Bad Neustadt"]
[BlackTeam "Schachklub Schweinfurt 2000 e.V."]

1. d4 Nf6 2. Nf3 d5 3. Bf4 e6 4. e3 Be7 5. Bd3 c5 6. c3 Nc6 7. Nbd2 cxd4 8.
exd4 Nh5 9. Be3 Qc7 10. g3 e5 11. dxe5 Nxe5 12. Nxe5 Qxe5 13. Nf3 Qd6 14. Nd4
Nf6 15. Bf4 Qb6 16. Qb3 Qxb3 17. axb3 O-O 18. Nb5 Nh5 19. Be3 Bd8 20. Nxa7 Bh3
21. Kd2 Bg2 22. Nb5 Be7 23. Rhe1 Nf6 24. Bd4 Ne4+ 25. Kc2 Rxa1 26. Rxa1 Nc5 27.
Ra7 Nxd3 28. Kxd3 Bf1+ 29. Kc2 Bxb5 30. Rxb7 Bf1 31. Rxe7 Bg2 32. b4 f6 33. b5
Bf1 34. b6 Ba6 35. Ra7 Bb5 36. Rc7 Rb8 37. b3 Kf8 38. c4 dxc4 39. bxc4 Ba6 40.
Kc3 Rc8 41. Bc5+ Kg8 42. Ra7 Rxc5 43. Rxa6 1-0

[Event "69. UEM M1"]
[Site "Schweinfurt / Germany"]
[Date "2018.04.04"]
[Round "5.3"]
[White "Hofstetter, Hans Joachim"]
[Black "Mehling, Katharina"]
[Result "1-0"]
[WhiteElo "2181"]
[BlackElo "1895"]
[Annotator "Lukas, Norbert"]
[PlyCount "133"]
[EventDate "2018.04.02"]
[EventType "tourn"]
[EventRounds "9"]
[EventCountry "GER"]
[SourceTitle "69. UEM"]
[Source "SK SW 2000 e.V."]
[SourceDate "2018.04.08"]
[SourceVersion "1"]
[SourceVersionDate "2018.04.08"]
[SourceQuality "1"]
[WhiteTeam "SK 1933 Bad Neustadt"]
[BlackTeam "Spvgg 1946 e.V. Stetten"]

1. e4 e6 2. d4 d5 3. e5 c5 4. c3 Nc6 5. Nf3 Bd7 6. Be2 f6 7. O-O fxe5 8. Nxe5
Nxe5 9. dxe5 Qc7 10. Re1 Ne7 11. Bg5 O-O-O 12. Nd2 h6 13. Bh4 g5 14. Bg3 Nc6
15. Bh5 Bg7 16. b4 cxb4 17. cxb4 Nxb4 18. Rc1 Nc6 19. Nb3 Kb8 20. Nc5 Bc8 21.
Bg4 Rde8 22. Re3 b6 23. Nd3 Qd7 24. Qa4 Na5 25. Qd4 h5 26. Bd1 Nc4 27. h4 gxh4
28. Bxh4 Nxe3 29. fxe3 Ref8 30. Ba4 Qf7 31. Qb4 Bb7 32. Qd6+ Ka8 33. Nf4 Rc8
34. Rxc8+ Rxc8 35. Nxe6 Bh6 36. Ng5 Qg7 37. Qf6 Qxf6 38. exf6 Rf8 39. Ne6 Bxe3+
40. Kh2 Rh8 41. f7 Bh6 42. Bf6 Rf8 43. Be8 Bc8 44. Nxf8 Bxf8 45. Kg3 Kb7 46.
Kh4 Bg4 47. Kg5 Kc7 48. Kg6 Kd6 49. Bg7 Be7 50. f8=Q Bxf8 51. Bxf8+ Ke5 52. Kg5
d4 53. Bg6 b5 54. Bd3 a6 55. Bb4 Bd1 56. g3 Bg4 57. Bd2 Bd1 58. Bg6 Bf3 59.
Bxh5 Bd5 60. a3 d3 61. Bg6 Kd4 62. Kf4 Be6 63. Bf5 Bg8 64. Bc8 Bh7 65. Bxa6 Kc5
66. Ke3 Kc4 67. a4 1-0

[Event "69. UEM M1"]
[Site "Schweinfurt / Germany"]
[Date "2018.04.04"]
[Round "5.2"]
[White "Blank, Stefan"]
[Black "Link, Klaus"]
[Result "0-1"]
[WhiteElo "1779"]
[BlackElo "2005"]
[Annotator "Lukas, Norbert"]
[PlyCount "126"]
[EventDate "2018.04.02"]
[EventType "tourn"]
[EventRounds "9"]
[EventCountry "GER"]
[SourceTitle "69. UEM"]
[Source "SK SW 2000 e.V."]
[SourceDate "2018.04.08"]
[SourceVersion "1"]
[SourceVersionDate "2018.04.08"]
[SourceQuality "1"]
[WhiteTeam "Schachclub Sulzbach"]
[BlackTeam "SK 1982 Klingenberg e.V."]

1. e4 c5 2. Nf3 Nc6 3. d3 e5 4. g3 g6 5. Bg2 Bg7 6. O-O Nge7 7. c3 O-O 8. Be3
d6 9. h4 h6 10. Nh2 f5 11. Qd2 Kh7 12. f4 Rb8 13. h5 gxh5 14. Bf3 exf4 15. Bxf4
Ng6 16. Be3 fxe4 17. Bxe4 Rxf1+ 18. Nxf1 Nce5 19. Nh2 Qf6 20. Na3 Bh3 21. d4
Nc6 22. dxc5 dxc5 23. Bxc5 Re8 24. Qd3 Nce5 25. Qc2 Qg5 26. Kh1 b6 27. Bd4 Kh8
28. Bxg6 Nxg6 29. Bxg7+ Kxg7 30. Qf2 Re3 31. Nf3 Qe7 32. Re1 Rxe1+ 33. Nxe1 Kh7
34. Ng2 h4 35. Kh2 Bxg2 36. Qxg2 Ne5 37. Qe4+ Kh8 38. Kg2 Qg5 39. Qf4 Qxg3+ 40.
Qxg3 hxg3 41. Nb5 a6 42. Nc7 a5 43. a4 Kg7 44. Nd5 Nd7 45. Kxg3 Kf7 46. Kf4 Ke6
47. Ke4 Nc5+ 48. Kd4 Nxa4 49. b3 Nc5 50. Nxb6 Nxb3+ 51. Kc4 h5 52. Nd5 Nd2+ 53.
Kd4 a4 54. Nc7+ Kf5 55. Nb5 Kf4 56. Kd3 h4 57. Nd4 a3 58. Ne2+ Kf3 59. Nd4+ Kf2
60. Kc2 h3 61. Nc6 Nc4 62. Kb3 h2 63. Kxc4 a2 0-1

[Event "69. UEM M1"]
[Site "Schweinfurt / Germany"]
[Date "2018.04.04"]
[Round "5.5"]
[White "Seidens, Udo"]
[Black "Seuffert, Gabriel"]
[Result "0-1"]
[WhiteElo "2173"]
[BlackElo "2302"]
[Annotator "Lukas, Norbert"]
[PlyCount "91"]
[EventDate "2018.04.02"]
[EventType "tourn"]
[EventRounds "9"]
[EventCountry "GER"]
[SourceTitle "69. UEM"]
[Source "SK SW 2000 e.V."]
[SourceDate "2018.04.08"]
[SourceVersion "1"]
[SourceVersionDate "2018.04.08"]
[SourceQuality "1"]
[WhiteTeam "Schachklub Schweinfurt 2000 e.V."]
[BlackTeam "Schachklub Schweinfurt 2000 e.V."]

1. c4 e6 2. Nf3 d5 3. g3 dxc4 4. Qa4+ Nd7 5. Bg2 a6 6. Qxc4 b5 7. Qc2 Bb7 8. a4
c5 9. O-O Rc8 10. axb5 axb5 11. Nc3 Qb6 12. d3 Ngf6 13. Qb3 Bc6 14. Ne1 b4 15.
Nd1 Bd5 16. Bxd5 exd5 17. Ne3 Qe6 18. Nf3 h6 19. Ra7 Be7 20. Qa2 O-O 21. Ra6
Nb6 22. Nf5 Bd8 23. Ne3 Re8 24. Re1 Be7 25. b3 Ra8 26. Rxa8 Rxa8 27. Qc2 Bf8
28. Kg2 g5 29. h3 d4 30. Nc4 Nxc4 31. bxc4 Qc6 32. Bb2 Nd7 33. e4 dxe3 34. fxe3
Ra2 35. Ra1 Ne5 36. e4 Nxf3 37. Kxf3 Qa6 38. Rxa2 Qxa2 39. e5 Qa8+ 40. Ke3 Qh1
41. Qf2 Qxh3 42. Ke4 Qg4+ 43. Kd5 Be7 44. d4 Qe6+ 45. Ke4 Qxc4 46. g4 0-1

[Event "69. UEM M1"]
[Site "Schweinfurt / Germany"]
[Date "2018.04.05"]
[Round "6.2"]
[White "Mueller, Lutz"]
[Black "Seidens, Udo"]
[Result "0-1"]
[WhiteElo "2005"]
[BlackElo "2173"]
[Annotator "Lukas, Norbert"]
[PlyCount "62"]
[EventDate "2018.04.02"]
[EventType "tourn"]
[EventRounds "9"]
[EventCountry "GER"]
[SourceTitle "69. UEM"]
[Source "SK SW 2000 e.V."]
[SourceDate "2018.04.08"]
[SourceVersion "1"]
[SourceVersionDate "2018.04.08"]
[SourceQuality "1"]
[WhiteTeam "SC Bad Königshofen 1957"]
[BlackTeam "Schachklub Schweinfurt 2000 e.V."]

1. d4 Nf6 2. Nf3 e6 3. e3 d5 4. Bd3 c5 5. b3 Nc6 6. a3 Ne4 7. Bb2 f5 8. Nbd2
Be7 9. Qe2 O-O 10. c4 Bf6 11. cxd5 exd5 12. O-O Re8 13. Bb5 Bd7 14. Bxc6 bxc6
15. Qd1 Rb8 16. Qc2 cxd4 17. exd4 Qb6 18. b4 f4 19. Nb3 Bg4 20. Ne5 Bxe5 21.
dxe5 f3 22. Rac1 a5 23. Qxc6 Qxc6 24. Rxc6 axb4 25. Bd4 bxa3 26. Nc5 Nd2 27.
Ra1 a2 28. h3 Rb1+ 29. Kh2 Nf1+ 30. Kg1 Ne3+ 31. Kh2 fxg2 0-1

[Event "69. UEM M1"]
[Site "Schweinfurt / Germany"]
[Date "2018.04.05"]
[Round "6.3"]
[White "Mehling, Katharina"]
[Black "Helm, Timo"]
[Result "1-0"]
[WhiteElo "1895"]
[BlackElo "2071"]
[Annotator "Lukas, Norbert"]
[PlyCount "59"]
[EventDate "2018.04.02"]
[EventType "tourn"]
[EventRounds "9"]
[EventCountry "GER"]
[SourceTitle "69. UEM"]
[Source "SK SW 2000 e.V."]
[SourceDate "2018.04.08"]
[SourceVersion "1"]
[SourceVersionDate "2018.04.08"]
[SourceQuality "1"]
[WhiteTeam "Spvgg 1946 e.V. Stetten"]
[BlackTeam "SC Bad Königshofen 1957"]

1. e4 e6 2. d4 d5 3. Nd2 c5 4. exd5 exd5 5. Ngf3 Nc6 6. Bb5 Qe7+ 7. Qe2 Qxe2+
8. Kxe2 a6 9. Bxc6+ bxc6 10. Re1 f6 11. c4 Bb7 12. Nb3 cxd4 13. Nfxd4 dxc4 14.
Na5 O-O-O 15. Ne6 Re8 16. Kf1 Bb4 17. Nxb7 Nh6 18. Bxh6 gxh6 19. Nbc5 Bxe1 20.
Rxe1 Re7 21. Re3 Rg8 22. Rf3 c3 23. bxc3 Rg6 24. Rf5 Rf7 25. g3 h5 26. h3 Re7
27. Rxh5 f5 28. Rxf5 Rgxe6 29. Nxe6 Rxe6 30. Rf8+ 1-0

[Event "69. UEM M1"]
[Site "Schweinfurt / Germany"]
[Date "2018.04.05"]
[Round "6.4"]
[White "Link, Klaus"]
[Black "Hofstetter, Hans Joachim"]
[Result "0-1"]
[WhiteElo "2005"]
[BlackElo "2181"]
[Annotator "Lukas, Norbert"]
[PlyCount "58"]
[EventDate "2018.04.02"]
[EventType "tourn"]
[EventRounds "9"]
[EventCountry "GER"]
[SourceTitle "69. UEM"]
[Source "SK SW 2000 e.V."]
[SourceDate "2018.04.08"]
[SourceVersion "1"]
[SourceVersionDate "2018.04.08"]
[SourceQuality "1"]
[WhiteTeam "SK 1982 Klingenberg e.V."]
[BlackTeam "SK 1933 Bad Neustadt"]

1. e4 e5 2. Nf3 Nc6 3. d4 exd4 4. Bc4 Bc5 5. c3 Nf6 6. O-O dxc3 7. e5 d5 8.
exf6 dxc4 9. Qxd8+ Nxd8 10. fxg7 Rg8 11. Nxc3 Rxg7 12. Re1+ Ne6 13. Ne5 Bd7 14.
Bh6 Rg8 15. Rad1 Rd8 16. Nd5 Be7 17. Nxc4 Bc6 18. Nce3 Rg6 19. Nxe7 Rxd1 20.
Rxd1 Kxe7 21. f4 Ke8 22. f5 Rxh6 23. fxe6 fxe6 24. g4 Rh3 25. Re1 Bf3 26. g5
Kf7 27. Kf2 Bd5 28. Ng4 Kg6 29. Nh6 Rxh2+ 0-1

[Event "69. UEM M1"]
[Site "Schweinfurt / Germany"]
[Date "2018.04.05"]
[Round "6.5"]
[White "Markert, Markus"]
[Black "Blank, Stefan"]
[Result "0-1"]
[WhiteElo "1998"]
[BlackElo "1779"]
[Annotator "Lukas, Norbert"]
[PlyCount "104"]
[EventDate "2018.04.02"]
[EventType "tourn"]
[EventRounds "9"]
[EventCountry "GER"]
[SourceTitle "69. UEM"]
[Source "SK SW 2000 e.V."]
[SourceDate "2018.04.08"]
[SourceVersion "1"]
[SourceVersionDate "2018.04.08"]
[SourceQuality "1"]
[WhiteTeam "SK 1933 Bad Neustadt"]
[BlackTeam "Schachclub Sulzbach"]

1. d4 Nf6 2. Nf3 g6 3. Bf4 Bg7 4. e3 O-O 5. c4 c5 6. Nc3 Nc6 7. d5 Nb4 8. a3
Na6 9. d6 e6 10. Bg5 Qa5 11. Qd2 Ng4 12. Be7 Re8 13. h4 b6 14. h5 Bb7 15. hxg6
hxg6 16. Rh4 Bxf3 17. gxf3 Ne5 18. Be2 Nc6 19. Bg5 f6 20. Bh6 Bxh6 21. Rxh6 Kg7
22. Rh1 Ne5 23. f4 Nf7 24. Bf3 Rad8 25. Ke2 Nb8 26. Rag1 Rh8 27. Qd3 f5 28. Qd1
Rxh1 29. Bxh1 Rh8 30. Bb7 a6 31. Rg3 Rh6 32. e4 Nd8 33. Bc8 Ndc6 34. exf5 Nd4+
35. Kd2 Nxf5 36. Rg5 Nxd6 37. Qe2 Nxc8 38. Qe5+ Kf7 39. Qxb8 Ne7 40. Qc7 Ke8
41. Rg2 Nc6 42. Kd3 b5 43. Qc8+ Nd8 44. Ne4 bxc4+ 45. Ke2 Ke7 46. Nxc5 Qb5 47.
Rg3 Qxb2+ 48. Kf3 Qd2 49. Kg4 Qd1+ 50. f3 Qd5 51. Rg1 Qh5+ 52. Kg3 Qh2+ 0-1

[Event "69. UEM M1"]
[Site "Schweinfurt / Germany"]
[Date "2018.04.05"]
[Round "6.1"]
[White "Reinl, Fred"]
[Black "Seuffert, Gabriel"]
[Result "0-1"]
[WhiteElo "1963"]
[BlackElo "2302"]
[Annotator "Lukas, Norbert"]
[PlyCount "76"]
[EventDate "2018.04.02"]
[EventType "tourn"]
[EventRounds "9"]
[EventCountry "GER"]
[SourceTitle "69. UEM"]
[Source "SK SW 2000 e.V."]
[SourceDate "2018.04.08"]
[SourceVersion "1"]
[SourceVersionDate "2018.04.08"]
[SourceQuality "1"]
[WhiteTeam "Schachklub Schweinfurt 2000 e.V."]
[BlackTeam "Schachklub Schweinfurt 2000 e.V."]

1. e4 c5 2. Nf3 e6 3. Nc3 Nc6 4. Bb5 Nd4 5. O-O Nxb5 6. Nxb5 a6 7. Nc3 Qc7 8.
d3 d6 9. Re1 Nf6 10. b3 Be7 11. Bb2 O-O 12. Ne2 b5 13. Ng3 Bd7 14. e5 dxe5 15.
Nxe5 Bc6 16. Nxc6 Qxc6 17. Nh5 Nxh5 18. Qxh5 Rfd8 19. Qg4 g6 20. Re3 Rd5 21.
Qe4 Rc8 22. Rf3 c4 23. bxc4 bxc4 24. Re1 c3 25. Bc1 Ra5 26. Qd4 Ra4 27. Qa7 Qc7
28. Qe3 Qc5 29. Qe2 Qd5 30. Rh3 Rxa2 31. Qe3 Bf8 32. Qa7 Qc5 33. Qb7 Qc6 34.
Qb3 Qd5 35. Be3 Qxb3 36. cxb3 c2 37. Bc1 Ra1 38. d4 Ba3 0-1

[Event "69. UEM M1"]
[Site "Schweinfurt / Germany"]
[Date "2018.04.06"]
[Round "7.3"]
[White "Helm, Timo"]
[Black "Link, Klaus"]
[Result "1-0"]
[WhiteElo "2071"]
[BlackElo "2005"]
[Annotator "Lukas, Norbert"]
[PlyCount "107"]
[EventDate "2018.04.02"]
[EventType "tourn"]
[EventRounds "9"]
[EventCountry "GER"]
[SourceTitle "69. UEM"]
[Source "SK SW 2000 e.V."]
[SourceDate "2018.04.08"]
[SourceVersion "1"]
[SourceVersionDate "2018.04.08"]
[SourceQuality "1"]
[WhiteTeam "SC Bad Königshofen 1957"]
[BlackTeam "SK 1982 Klingenberg e.V."]

1. e4 c5 2. Nc3 e6 3. g3 d5 4. exd5 exd5 5. d3 d4 6. Ne4 Be7 7. Bg2 Nf6 8.
Nxf6+ Bxf6 9. Ne2 O-O 10. O-O Nc6 11. Bd2 Bg4 12. h3 Bd7 13. Nf4 g6 14. Nd5 Bg7
15. Bf4 Ne5 16. Bxe5 Bxe5 17. Re1 Re8 18. f4 Bg7 19. Rxe8+ Qxe8 20. Qe1 Kf8 21.
f5 Bxf5 22. Nc7 Qxe1+ 23. Rxe1 Rc8 24. Nb5 Rd8 25. Bxb7 c4 26. Be4 Bxe4 27.
Rxe4 cxd3 28. cxd3 a6 29. Na3 Rc8 30. Nc4 Rc6 31. Kf2 g5 32. b4 f5 33. Re2 f4
34. gxf4 gxf4 35. Re4 Rf6 36. Kf3 Rh6 37. Rxf4+ Ke7 38. Kg3 Bf6 39. a4 Rh5 40.
h4 Ke6 41. Re4+ Kd7 42. Nd2 Kd6 43. Nb3 Kd5 44. Rg4 Re5 45. Rxd4+ Kc6 46. Rc4+
Kd6 47. Re4 Rd5 48. d4 h5 49. Rf4 Ke7 50. Kf3 Bg7 51. Ke4 Ke6 52. Nc5+ Kd6 53.
Kd3 a5 54. Nb7+ 1-0

[Event "69. UEM M1"]
[Site "Schweinfurt / Germany"]
[Date "2018.04.06"]
[Round "7.5"]
[White "Seuffert, Gabriel"]
[Black "Mueller, Lutz"]
[Result "1-0"]
[WhiteElo "2302"]
[BlackElo "2005"]
[Annotator "Lukas, Norbert"]
[PlyCount "71"]
[EventDate "2018.04.02"]
[EventType "tourn"]
[EventRounds "9"]
[EventCountry "GER"]
[SourceTitle "69. UEM"]
[Source "SK SW 2000 e.V."]
[SourceDate "2018.04.08"]
[SourceVersion "1"]
[SourceVersionDate "2018.04.08"]
[SourceQuality "1"]
[WhiteTeam "Schachklub Schweinfurt 2000 e.V."]
[BlackTeam "SC Bad Königshofen 1957"]

1. c4 g6 2. g3 Bg7 3. Bg2 Nf6 4. Nc3 O-O 5. e4 e5 6. Nge2 Nc6 7. O-O d6 8. d3
Nd7 9. f4 a5 10. Be3 Nd4 11. f5 c6 12. g4 Nc5 13. Bf2 h5 14. h3 Qg5 15. Ng3 Kh8
16. Nce2 h4 17. Nh1 gxf5 18. exf5 Rg8 19. Nxd4 exd4 20. Qf3 Be5 21. Rad1 Bf6
22. Rfe1 Bd7 23. Re2 Rae8 24. Rxe8 Rxe8 25. b3 Na6 26. Be1 Re3 27. Bd2 Nb4 28.
Nf2 d5 29. cxd5 cxd5 30. a3 Nc2 31. Qxd5 Bc6 32. Qd6 Qg7 33. Bxc6 bxc6 34. Ne4
Rxe4 35. dxe4 Be5 36. Qd8+ 1-0

[Event "69. UEM M1"]
[Site "Schweinfurt / Germany"]
[Date "2018.04.06"]
[Round "7.2"]
[White "Hofstetter, Hans Joachim"]
[Black "Markert, Markus"]
[Result "1/2-1/2"]
[WhiteElo "2181"]
[BlackElo "1998"]
[Annotator "Lukas, Norbert"]
[PlyCount "88"]
[EventDate "2018.04.02"]
[EventType "tourn"]
[EventRounds "9"]
[EventCountry "GER"]
[SourceTitle "69. UEM"]
[Source "SK SW 2000 e.V."]
[SourceDate "2018.04.08"]
[SourceVersion "1"]
[SourceVersionDate "2018.04.08"]
[SourceQuality "1"]
[WhiteTeam "SK 1933 Bad Neustadt"]
[BlackTeam "SK 1933 Bad Neustadt"]

1. e4 e6 2. d4 d5 3. e5 c5 4. c3 Nc6 5. Nf3 Qb6 6. a3 a5 7. Bd3 Bd7 8. O-O Rc8
9. Re1 cxd4 10. cxd4 Nxd4 11. Nxd4 Qxd4 12. Nc3 Qb6 13. Qg4 Ne7 14. Na4 Qb3 15.
Nc3 Rxc3 16. bxc3 Qxc3 17. Qe2 Qxa1 18. Bb2 Qa2 19. Qc2 a4 20. Rb1 Bc6 21. Qc1
Ng6 22. Bb5 Kd7 23. Bxc6+ bxc6 24. Bd4 c5 25. Rb7+ Kc6 26. Rxf7 Qc4 27. Qb1 Qb3
28. Qf1 Qb6 29. Qd1 Qb5 30. h4 cxd4 31. Qg4 Kc5 32. Qxe6 Qc6 33. Qf5 Ne7 34.
Qc2+ Kb5 35. Qb2+ Ka6 36. Qxd4 Kb7 37. Rf3 Nc8 38. Rc3 Qxc3 39. Qxc3 Be7 40. e6
Bf6 41. Qd3 Nb6 42. h5 h6 43. f4 Rc8 44. g4 Rc4 1/2-1/2